00441nam a22001577a 4500010001500000020002600015035001400041037001300055082001100068100001800079245004800097260003600145270005400181300002900235500001900264 aENG-120655 c650.00a9788171641611 aEN-104187 bDBAD/PUB a631.37 aDevnani, R.S. aTheory and appliation of /cby P.S.Narayana aHyderabadbAsia Law Housec2012 aOpp.I.O.B. Bank Street, Kothi,bHyderabade500001 axxxii,440p. b24cm(pbk). aIncludes index